000 00352 a2200169 4500
001 192442
020 _a978-85-260-1855-6
040 _cMagnum
100 _aFrança, Mary
240 1 0 _aUm amor de bebê
_lpor
245 1 0 _aUm amor de bebê
300 _a16
362 0 _a2013
440 1 _aGlobal
697 _aLITERATURA INFANTIL
942 _cBK
999 _c192442
_d192442